000 00551nam a2200205Ia 4500
005 20250508164354.0
008 008 250505s9999 xx 000 0 hin d
037 _aTextual
040 _aFEDL
_beng
_cFEDL
041 _ahin
_2eng
084 _a891.434, SHA
_qFEDL
100 _aSharma Ramvilas
245 0 _aBhasha ugabodh aur kavita
260 _aNew Delhi, India
_bVani Prakashan
_c1994
300 _a239p
365 _aINR
_b175
650 _aHindi literature
942 _cTEXL
_h891.434, SHA
999 _c1388814
_d1388814